| 000 | 00437nam a2200205Ia 4500 | ||
|---|---|---|---|
| 008 | 210210b1914 xxu||||| |||| 00| 0 eng d | ||
| 041 | _aeng | ||
| 082 | _a444/395 | ||
| 100 | _aAUZAS (A) | ||
| 245 | _aLes poetes francais du XIX siecle | ||
| 260 |
_aOxford _b- _c1914 |
||
| 650 | _aXIX | ||
| 650 | _asiecle | ||
| 650 | _apoetes | ||
| 650 | _aLes | ||
| 650 | _afrancais | ||
| 650 | _adu | ||
| 690 | _aFrench | ||
| 906 | _a006590 | ||
| 999 |
_c129579 _d129579 |
||